00577 2200193 4500001002100000005001700021008004100038035002400079082001400103090001900117245006200136260006900198300002900267650003500296700001900331850001200350985000600362999001500368YOGYA-0209000005979020090227034715.0 ind  0010-020900000059790 a499.22169 a499.22169bNas aNASKAH Sunda lama kelompok ceritacEdi s. Ekadyati(et.al) aJakartabpusat Pembinaan dan Pengembangan bahasa Depdikbudc1983 aix, 201 hlmbilusc22 cm aKesastraan Sunda - Naskah Kuno aEkajati, Edi s aYOPDYOG a1 aa000062963